000 00504nam a22001817a 4500
005 20260422120630.0
008 260422b |||||||| |||| 00| 0 eng d
020 _a9789372126679
_c225.00
040 _aMAIN
041 _aeng
082 _a657.3
_bDUT
100 _aDutta, Pranjal Pratim.
_dGoswami, Nabajyoti.
245 _aFinancial Statement Analysis
_cBy Pranjal Pratim Dutta.
260 _aNew Delhi:
_bKalyani Publishers;
_c2026.
300 _a248p.
650 _aManagement
942 _2ddc
_cBK
999 _c16420
_d16420